Текст томруулах:    
Families today (Бичлэгийн дугаар. 146182)
000 -УДИРДЛАГА
Удирдлага 00655nam a22002417a 4500
003 - ХЯНАЛТЫН ТОО ТОДОРХОЙЛОГЧ
Код MN-UlNUM
005 - БИЧИЛТ ХИЙСЭН ОГНОО
Тухайн бичилтийг бичсэн засварласан сүүлийн огноо 20260114143829.0
008 - ЕРӨНХИЙ МЭДЭЭЛЭЛ
Ерөнхий мэдээлэл 251202s1997 nyu||||| |||| 001 0 eng d
020 ## - ISBN
ISBN 00264299381
040 ## - БИЧЛЭГ ҮҮСГЭГЧ БАЙГУУЛЛАГА
Бичлэг үүсгэгч номын сангийн код МУИС-ийн номын сан
084 ## - ББК АНГИЛАЛ
Нэмэлт тусгалт Бусад
ББК ангилал 71.5
Зохиогчийн гурван тэмдэгт G 54
Мэдлэгийн ялгаа 71 - Соёл
100 1# - ЗОХИОГЧ
Зохиогчийн нэр Glosson R. Linda
245 10 - ҮНДСЭН ГАРЧИГ
Номын нэр Families today
Бага гарчгийн мэдээ Cooperative Learning
Оролцогчдын тухай мэдээ Glosson R. Linda, McCaw S. Donna
260 ## - ГАРАЛТЫН МЭДЭЭ
Хэвлэгдсэн газар New York :
Хэвлэлийн газар Glencoe/McGraw-Hill,
Хэвлэгдсэн он 1997.
300 ## - МАТЕРИАЛЫН ТОДОРХОЙЛОЛТ
хуудасны тоо 61 p. :
Бусад тоон мэдээлэл col. ill. ;
Хэмжээ 27 cm.
500 ## - Тайлбар
Дансны дугаар БС 4978
546 ## - ХЭЛНИЙ ТУХАЙ МЭДЭЭ
Хэл Англи хэл дээр,
653 ## - Түлхүүр үг
Түлхүүр үг .
740 ## - НОМЫН ГАРЧИГ
Гарчиг Introduction
740 ## - НОМЫН ГАРЧИГ
Гарчиг Cooperative Learning Projects
942 ## - ЭЛЕМЕНТИЙН ТӨРӨЛ
Зүйлийн төрөл Ном